Statistiche per Vincitori di campionati di Serie A con il maggior numero di squadre

Clicka qui per fare il quiz!

Statistiche generali

  • Questo quiz è stato fatto 6 volte
  • Il punteggio medio è 2 su 6

Statistiche sulle risposte

Numero scudetti vintiSquadra (numero scudetti)Calciatore% Corretto
3Sampdoria (1); Juventus (1); Lazio (1)Attilio Lombardo
67%
4Juventus (1); Inter (1); Milan (2)Aldo Serena
33%
5Juventus (3); Hellas Verona (1); Inter (1)Pierino Fanna
33%
8Juventus (5); Ambrosiana-Inter (2); Inter (1)Giovanni Ferrari
17%
4Inter (2); Cagliari (1); Juventus (1)Sergio Gori
17%
4Torino (1); Juventus (2); Inter (1)Filippo Cavalli
0%

Distribuzione punteggi

Percentile per numero di risposta

Percentuale di utenti per punteggio

I tuoi punteggi nel tempo

Non hai fatto questo quiz